'T' Cartoon Characters by Picture Quiz Stats

 Plays Quiz Updated Sep 27, 2015

Challenge
Share
Tweet
Score 0/20 Timer 05:00
10 Plays Today
Column Character % Correct
Column 1Tarzan
98.7%
Column 4Tigger
94.1%
Column 4Tinker Bell
93.8%
Column 3Tweety Bird
93.4%
Column 3Taz
91%
Column 2Timon
82.5%
Column 4Thumper
81.6%
Column 3Timmy Turner
80%
Column 5Tramp
79.8%
Column 2Tommy Pickles
79.2%
Column Character % Correct
Column 1The Thing
73%
Column 1Tiana
69.2%
Column 4Triton
63.2%
Column 5Tintin
59%
Column 5Top Cat
44.3%
Column 2Totoro
38.5%
Column 1Timothy Q. Mouse
31.5%
Column 2Toph Beifong
24.6%
Column 5Tree Trunks
18.1%
Column 3Tucker Foley
16.2%

You're not logged in!

Compare scores with friends on all Sporcle quizzes.
OR
Log In

You Might Also Like...

Show Comments

Extras

Top Quizzes Today


Score Distribution

Your Account Isn't Verified!

In order to create a playlist on Sporcle, you need to verify the email address you used during registration. Go to your Sporcle Settings to finish the process.

Report this User

Report this user for behavior that violates our Community Guidelines.

Details: